000 00565nam a2200193Ia 4500
005 20260601193300.0
008 260601s9999||||xx |||||||||||||| ||und||
020 _a978-3-031-69073-0
_qebk
100 _aJin Song Dong
245 0 _aSports Analytics
250 _a2024
260 _aHeidelberg, Germany
_bSpringer Nature
_c2024
440 _aLecture Notes in Computer Science
650 _aComputer Science
700 _aMasoumeh Izadi
700 _aZhe Hou
856 _uhttps://link.springer.com/openurl?genre=book&isbn=978-3-031-69073-0
942 _cEB
_2ddc
999 _c56984
_d56984